| 000 | 01413cas a2200421 a 4500 | ||
|---|---|---|---|
| 999 |
_c30409 _d30409 |
||
| 001 | 11426008 | ||
| 005 | 20200212124015.0 | ||
| 006 | a|||||r|||||00| 0 | ||
| 008 | 930128c19909999ii qr p 0 0eng d | ||
| 010 |
_a 93900564 _zsn 93042135 |
||
| 022 | _a0970-3411 | ||
| 022 | _a2277-436X | ||
| 025 | _aI-D-E-2721 | ||
| 035 | _a(OCoLC)ocm27341900 | ||
| 040 |
_aPPiU _cPPiU _dGU _dDLC _dMiU _dMH _dOCoLC _dDNLM _dOCoLC |
||
| 042 | _alc | ||
| 043 | _aa-ii--- | ||
| 245 | _a Journal of the Anthropological Survey of India. | ||
| 260 |
_aCalcutta, India : _bThe Anthropological Survey of India, _c1990- |
||
| 300 |
_av. : _bill. ; _c24 cm. |
||
| 310 | _abi-annually | ||
| 362 | _aVol. 39, no. 1 (Mar. 1990)- | ||
| 500 | _aTitle from cover. | ||
| 590 | _aSERBIB/SERLOC merged record | ||
| 650 |
_aEthnology _zIndia _vPeriodicals. |
||
| 650 |
_aPhysical anthropology _vPeriodicals. |
||
| 650 |
_aAnthropometry _vPeriodicals. |
||
| 650 |
_aAnthropology _vPeriodicals. |
||
| 710 | _aAnthropological Survey of India. | ||
| 780 |
_tHuman science _x0970-3411 _w(DLC) 84913052 _w(OCoLC)12029473 |
||
| 270 |
_a27, Jawaharlal Nehru Road _bKolkata _e700016 |
||
| 906 |
_a7 _bcbc _cserials _d2 _encip _f19 _gn-oclcserc |
||
| 936 | _aVol. 39, no. 2/3 (June-Sept. 1990) LIC | ||
| 942 |
_2ddc _cSR _s1 |
||